Statystyki dla Jeden sąsiad danego kraju #2

Kliknij tutaj aby rozwiązać quiz!

Ogólne statystyki

  • Ten quiz został rozwiązany 643 razy
  • Średni wynik to 13 z 15

Statystyki odpowiedzi

PaństwoSąsiad% Poprawnych
NiemcyDania | Polska | Czechy | Austria | Szwajcaria | Francja | Luksemburg | Belgia | Holandia
100%
UkrainaRosja | Białoruś | Polska | Słowacja | Węgry | Rumunia | Mołdawia
100%
Korea PołudniowaKorea Północna
98%
KazachstanRosja | Chiny | Kirgistan | Turkmenistan | Uzbekistan
98%
PeruEkwador | Kolumbia | Brazylia | Boliwia | Chile
97%
ChorwacjaSłowenia | Węgry | Serbia | Bośnia i Hercegowina | Czarnogóra
97%
DaniaNiemcy
95%
AndoraHiszpania | Francja
93%
OmanJemen | Arabia Saudyjska | Zjednoczone Emiraty Arabskie
90%
IzraelLiban | Jordania | Egipt
88%
BhutanChiny | Indie
87%
TanzaniaBurundi | Kenia | Malawi | Mozambik | Rwanda | Uganda | Zambia | Demokratyczna Republika Konga
79%
TajlandiaMjanma | Laos | Kambodża | Malezja
78%
KostarykaPanama | Nikaragua
75%
GambiaSenegal
57%

Rozkład punktacji

Percentyl według liczby udzielonych odpowiedzi

Procent ludzi z każdym wynikiem

Twoja historia wyników

Nie rozwiązałeś tego quizu